Documentos de Estudio. Realidad Centroaméricana. Militarismo y sociedad

Đã lưu trong:
Chi tiết về thư mục
Định dạng: Texto
Được phát hành: s.l.: s.e
Các nhãn: Thêm thẻ
Không có thẻ, Là người đầu tiên thẻ bản ghi này!

MARC

LEADER 00000 a a2200000 04500
001 25306
003
040
090 |a 150009  
245 |a Documentos de Estudio. Realidad Centroaméricana. Militarismo y sociedad  
260 |a s.l.:   |b s.e  
300 |a pag. cortada  
999 |c 15199  |d 15199